| 000 | 00459nam a2200157Ia 4500 | ||
|---|---|---|---|
| 008 | 210716s1990 xx 000 0 und d | ||
| 020 | _a0070449678 | ||
| 041 | _aeng | ||
| 082 | _a330 MCCC | ||
| 100 | _aMcconnell, Campbell R; Brue, Stanley L. | ||
| 245 |
_aEconomics: principles problems and policies. _bPrinciples problems and policies. |
||
| 250 | _a11 | ||
| 260 |
_aNew Delhi _bMcGraw Hill _c1990 |
||
| 300 | _axxxi,866,I-33 | ||
| 650 | _aEconomics(330) | ||
| 999 |
_c202240 _d202240 |
||